| 000 | 00510nam a2200193 a 4500 | ||
|---|---|---|---|
| 001 | 5955 | ||
| 003 | CO-ViMGA | ||
| 008 | 141112s2004 ck r 000 u spa d | ||
| 040 |
_aCO-ViMGA _bspa _cCO-ViMGA |
||
| 082 | 0 | 4 | _a581.1 S898 |
| 100 | 1 |
_aSuzuki, David _93310 |
|
| 245 | 1 | 0 |
_aExploremos las plantas / _cSuzuki David , Barbara Hehner |
| 260 |
_aBarcelona : _bLabor, _c1989 |
||
| 300 | _a104 p : il | ||
| 490 | _aLabor bolsillo juvenil, 89 | ||
| 650 | 1 | 4 | _aBOTANICA |
| 650 | 1 | 4 | _aPLANTAS |
| 942 |
_2ddc _cBK |
||
| 999 |
_c17930 _d17930 |
||